000 00774cab a2200217 4500
001 WB3422-20
008 090401t1998 xxu||||| |||| 00| 0 eng d
035 _a(Sirsi) u86788
041 _aeng
245 _aHomeowners to be saved from blight
260 _c1998
350 _a0
490 _aTimes
_v12 June 1998, 8(1)
520 _aJohn Prescott has announced a wdie-ranging review of the compulsoty purchase system which could save tens of thousands of homeowners from the effects of planning blight.
650 _aCOMPULSORY PURCHASE REFORM
650 _aCompulsory purchase
_96228
650 _aPLANNING BLIGHT
690 _aENVIRONMENTAL AND LAND CONSULTANCY-PLANNING AND DEVELOPMENT-COMPULSORY PURCHASE AND COMPENSATION
942 _n0
948 _c12/06/1998
999 _c54658
_d54658